Name the 5 least streamed Twenty One Pilots Songs per Album (Spotify) - Statistics

General Stats
  • This quiz has been taken 7 times
  • The average score is 31 of 35
Answer Stats
Answer % Correct
Bandito
100%
Before You Start Your Day
100%
Center Mass
100%
Cottonwood
100%
Days Lie Dormant
100%
Fake You Out
100%
Good Day
100%
Legend
100%
Message Man
100%
No Chances
100%
Oldies Station
100%
Paladin Strait
100%
Pet Cheetah
100%
Polarize
100%
Robot Voices
100%
Snap Back
100%
Truce
100%
Bounce Man
86%
Implicit Demand For Proof
86%
Lavish
86%
Leave the City
86%
Not Today
86%
Screen
86%
Semi-Automatic
86%
The Craving (Jenna‘s Version)
86%
The Run and Go
86%
Trapdoor
86%
Air Catcher
71%
Formidable
71%
Goner
71%
Intentions
71%
March To the Sea
71%
Neon Gravestones
71%
Never Take It
71%
We Don‘t Believe What‘s on TV
71%
No matching quizzes found
Score Distribution
Percent of People with Each Score
Percentile by Number Answered
Your Score History
You have not taken this quiz